ბათუმის შოთა რუსთაველის სახელმწიფო უნივერსიტეტის ბიბლიოთეკა

თამარ ბატონიშვილი:ისტორიული რომანი (ბიბ.ჩანაწერი № 43289)

000 -LEADER
fixed length control field 00762nam a2200205Ia 4500
001 - CONTROL NUMBER
control field 10016
003 - CONTROL NUMBER IDENTIFIER
control field GE_BSU
008 - FIXED-LENGTH DATA ELEMENTS--GENERAL INFORMATION
fixed length control field 181216s||||||||xx |||||||||||||| ||und||
040 ## - CATALOGING SOURCE
Transcribing agency GE_BSU
080 ## - UNIVERSAL DECIMAL CLASSIFICATION NUMBER
Universal Decimal Classification number 821.353.1–311.6
100 ## - MAIN ENTRY--PERSONAL NAME
Personal name რჩეულიშვილი,გრიგოლ
245 ## - TITLE STATEMENT
Title თამარ ბატონიშვილი:ისტორიული რომანი
245 ## - TITLE STATEMENT
Statement of responsibility, etc. რედ.მ.ერისთავი.მხატვ.რ.მაჭარაშვილი
260 ## - PUBLICATION, DISTRIBUTION, ETC.
Place of publication, distribution, etc. თბილისი
260 ## - PUBLICATION, DISTRIBUTION, ETC.
Name of publisher, distributor, etc. ივერია
260 ## - PUBLICATION, DISTRIBUTION, ETC.
Date of publication, distribution, etc. 1990
300 ## - PHYSICAL DESCRIPTION
Extent 120გვ.ილ.20სმ.
653 ## - INDEX TERM--UNCONTROLLED
Uncontrolled term თამარ ბატონიშვილი:ისტორიული რომანი
942 ## - ADDED ENTRY ELEMENTS (KOHA)
Koha item type წიგნი
ეგზემპლარები
Withdrawn status Lost status Damaged status Not for loan Date acquired Barcode Date last seen Price effective from Koha item type
        2018-12-17 33457 2018-12-17 2018-12-17 წიგნი
        2018-12-17 33458 2018-12-17 2018-12-17 წიგნი
        2018-12-17 33459 2018-12-17 2018-12-17 წიგნი
        2018-12-17 33460 2018-12-17 2018-12-17 წიგნი
        2018-12-17 33461 2018-12-17 2018-12-17 წიგნი
        2018-12-17 33462 2018-12-17 2018-12-17 წიგნი
        2018-12-17 33463 2018-12-17 2018-12-17 წიგნი
        2018-12-17 33644 2018-12-17 2018-12-17 წიგნი
        2018-12-17 33465 2018-12-17 2018-12-17 წიგნი